000 00728nam a2200289Ia 4500
008 210210b1988 xxu||||| |||| 00| 0 eng d
082 _a591.5 ILLU
100 _a-
245 _aILLUSTRATED ENCYCLOPEDIA of wildlife. 52V: V44: Invertebrates.
_bPhylum Arthropods Hexapoda Insecta Trichoptera
260 _aLondon
_bOrbis Publishing Ltd.,
_c1988
300 _a2581-2640
440 _a44
650 _awildlife.
650 _aV44:
650 _aTrichoptera
650 _aPhylum
650 _aof
650 _aInvertebrates.
650 _aInsecta
650 _aILLUSTRATED
650 _aHexapoda
650 _aENCYCLOPEDIA
650 _aArthropods
650 _a52V:
690 _aZoology
906 _a055134
999 _c103168
_d103168